00513nam a2200169Ia 4500003000900000005001700009008004100026040003100067040001300098041000800111100002800119245002100147260004800168300001800216490003400234520007500268IT-RoPAU20220918175754.0120407s9999 xx 000 0 und d aIT-RoPAUc20130626094644.0 cIT-RoPAU aita aDelpogetto, Fortunato  aFiori di Campo I aAlbano Lazialeb Edizioni" "S. Paolo"c1991 a224 p.c17 cm vI° Vol.aEdizioni "S. Paolo" aIndice Presentazione Prefazione Giudizi e Valutazioni (Varie poesie)